000 00556nam a2200181Ia 4500
003 GCL
008 140319s9999 xx 000 0 ara d
040 _aGCL /
_cGCL
082 0 4 _a301.31
_bم م
100 1 _aيونج، جون ا
245 1 0 _aالاستفادة من النفايات /
_cيونج، جون ا
700 1 _aشويكار زكى (ترجمة)
300 _a60 ص
490 _aمعهد مراقبة البيئة العالمية ورلد واتش
_v0
650 0 4 _aالنفايات
650 0 4 _aالبيئة - علم
942 _2ddc
_cBK
999 _c46649
_d46649